Online
Catalog

La quiebra de la esperanza. / (Record no. 52719)

MARC details
000 -CABECERA
campo de control de longitud fija 02100nam a2200277 a 4500
003 - IDENTIFICADOR DEL NÚMERO DE CONTROL
campo de control DO-SdBNP
005 - FECHA Y HORA DE LA ÚLTIMA TRANSACCIÓN
campo de control 20221102094844.0
007 - CAMPO FIJO DE DESCRIPCIÓN FÍSICA--INFORMACIÓN GENERAL
campo de control de longitud fija ta
008 - DATOS DE LONGITUD FIJA--INFORMACIÓN GENERAL
campo de control de longitud fija 221101e2013 dr ad||fr|||| 001 edspa d
020 ## - NÚMERO INTERNACIONAL ESTÁNDAR DEL LIBRO
Número Internacional Estándar del Libro 9789945468137
040 ## - FUENTE DE LA CATALOGACIÓN
Centro catalogador/agencia de origen DO-SdBNP
Lengua de catalogación spa
Centro/agencia transcriptor BNPHU
082 #4 - NÚMERO DE LA CLASIFICACIÓN DECIMAL DEWEY
Número de edición 22
Número de documento/Ítem P227q
245 13 - MENCIÓN DE TÍTULO
Título La quiebra de la esperanza. /
Mención de responsabilidad, etc. Melanio A. Paredes Pinales; Prólogo, Yanilka Tamáres
260 #4 - PUBLICACIÓN, DISTRIBUCIÓN, ETC.
Lugar de publicación, distribución, etc. Santo Domingo :
Nombre del editor, distribuidor, etc. Alfa y Omega,
Fecha de publicación, distribución, etc. 2013
300 ## - DESCRIPCIÓN FÍSICA
Extensión 286 p. :
Otras características físicas il., gráf. ;
Dimensiones 23 cm.
500 ## - NOTA GENERAL
Nota general Incluye datos biográficos del autor en las solapas de las cubiertas.
500 ## - NOTA GENERAL
Nota general Incluye bibliografía y notas al pié de páginas.
505 ## - NOTA DE CONTENIDO CON FORMATO
Nota de contenido con formato Preámbulo.
Información miscelánea Prólogo.
-- Introducción.
Título I. El Programa y la Revolución Educativa.--
-- II. La Educación del Siglo XXI en el -contexto Internacional y Local.--
-- III. Una apuesta por el Cambio Educativo: Cronología de los Hechos que nos lleva a la Formulación de una Propuesta Inédita.--
-- IV: El Verdadero Debate.--
-- V. La Urdimbre de Conspiraciones.--
-- VI. Los Hitos Alcanzados a solo dos años de la Gestión.--
-- VII. Resbalando en la Superficie.--
-- VIII. La Prospectiva Regional y Municipal/Los Desafíos.--
-- IX: A Modo de Colofón.--
-- X. Anexos:
Información miscelánea Anexo 1. Acta del Consejo Nacional de Educación (CNE). del 2 de junio de 2009.--
-- Anexo 2. Fundamentos del Modelo Pedagógico centrado en el aprendizaje con convergencia de medios.--
-- Anexo 3. Resolución 50 - 2010 del Consejo Nacional de educación (CNE) del 16 de diciembre 2010.--
-- Anexo 4: Resultados procesos de evaluación libros de texto.--
-- Anexo 5. Conferencia del 27 de enero 2010. "Educación, capital humano y competitividad, Escuelas efectivas y el potencial ilimitado de niñas, niños y jóvenes.
590 ## - NOTA LOCAL (RLIN)
Nota local Inventariado 2022 / MF
650 #4 - PUNTO DE ACCESO ADICIONAL DE MATERIA--TÉRMINO DE MATERIA
Término de materia o nombre geográfico como elemento de entrada Educación
Subdivisión geográfica República Dominicana
9 (RLIN) 737
Subdivisión cronológica Siglo XXI
650 #4 - PUNTO DE ACCESO ADICIONAL DE MATERIA--TÉRMINO DE MATERIA
9 (RLIN) 11792
Término de materia o nombre geográfico como elemento de entrada Educación
Subdivisión general Administración y Organización
Subdivisión geográfica República Dominicana
650 #4 - PUNTO DE ACCESO ADICIONAL DE MATERIA--TÉRMINO DE MATERIA
9 (RLIN) 21345
Término de materia o nombre geográfico como elemento de entrada Calidad de la Educación
Subdivisión general Ensayos, Conferencias, etc.
Subdivisión geográfica República Dominicana
700 ## - PUNTO DE ACCESO ADICIONAL--NOMBRE DE PERSONA
Nombre de persona Tamáres, Yanilka,
Término indicativo de función/relación pról.
9 (RLIN) 82644
910 ## - DATOS DE OPCIÓN DEL USUARIO (OCLC)
Datos de opción del usuario MFeliz
942 ## - ELEMENTOS DE PUNTO DE ACCESO ADICIONAL (KOHA)
Fuente del sistema de clasificación o colocación Dewey Decimal Classification
Tipo de ítem Koha Libro
Holdings
Estado de retiro Estado de pérdida Fuente del sistema de clasificación o colocación Restricciones de uso No para préstamo Código de colección Localización permanente Ubicación/localización actual Ubicación en estantería Fecha de adquisición Fuente de adquisición Total de préstamos Signatura topográfica completa Código de barras Fecha visto por última vez Precio válido a partir de Tipo de ítem Koha Número de copia
    Dewey Decimal Classification Excluido de préstamo   Patrimonio Dominicano Biblioteca Nacional Pedro Henríquez Ureña Biblioteca Nacional Pedro Henríquez Ureña En catalogación 03.09.2021 Donado por la ADP   P227q 2022-4703 01.11.2022 01.11.2022 Libro  
    Dewey Decimal Classification Excluido de préstamo   Patrimonio Dominicano Biblioteca Nacional Pedro Henríquez Ureña Biblioteca Nacional Pedro Henríquez Ureña En catalogación 03.09.2021 Donado por la ADP   P227q 2022-4704 01.11.2022 01.11.2022 Libro e.2
    Dewey Decimal Classification Préstamo en sala   Dominicana de Servicio Biblioteca Nacional Pedro Henríquez Ureña Biblioteca Nacional Pedro Henríquez Ureña En catalogación 03.09.2021 Donado por la ADP   P227q 2022-4705 01.11.2022 01.11.2022 Libro e.3
    Dewey Decimal Classification Préstamo en sala   Dominicana de Servicio Biblioteca Nacional Pedro Henríquez Ureña Biblioteca Nacional Pedro Henríquez Ureña En catalogación 03.09.2021 Donado por la ADP   P227q 2022-4706 01.11.2022 01.11.2022 Libro e.4
    Dewey Decimal Classification Préstamo en sala   Dominicana de Servicio Biblioteca Nacional Pedro Henríquez Ureña Biblioteca Nacional Pedro Henríquez Ureña En catalogación 03.09.2021 ADP   P227q 2022-4716 02.11.2022 02.11.2022 Libro e.5

Powered by Koha